OPAC Home

ඔබට ඕනෑම දෙයක් ලබා ගත හැක (Record no. 2037)

MARC details
000 -LEADER
fixed length control field 00517nam a2200181Ia 4500
008 - FIXED-LENGTH DATA ELEMENTS--GENERAL INFORMATION
fixed length control field 180921t2016 xxu||||| |||| 00| 0 sin d
041 ## - LANGUAGE CODE
Language code of text/sound track or separate title sin
080 ## - UNIVERSAL DECIMAL CLASSIFICATION NUMBER
Universal Decimal Classification number 159.9
Item number GOL
003 - CONTROL NUMBER IDENTIFIER
control field LK-CoDNM
040 ## - CATALOGING SOURCE
Original cataloging agency LK-CoDNM
Modifying agency LK-CoDNM
Description conventions LK-CoDNM
100 ## - MAIN ENTRY--PERSONAL NAME
Personal name Goldsmith,Stuart
245 ## - TITLE STATEMENT
Title ඔබට ඕනෑම දෙයක් ලබා ගත හැක
246 ## - VARYING FORM OF TITLE
Title proper/short title Obata Oneema Deyak Laba Gatha Heka
260 ## - PUBLICATION, DISTRIBUTION, ETC.
Name of publisher, distributor, etc. Aratuwa
Place of publication, distribution, etc. Meegamuwa
Date of publication, distribution, etc. 2016
300 ## - PHYSICAL DESCRIPTION
Other physical details 144p, 21cm
700 ## - ADDED ENTRY--PERSONAL NAME
Personal name Wishrawana Galappaththi
Relator term tr.
942 ## - ADDED ENTRY ELEMENTS (KOHA)
Koha item type Books
Holdings
Withdrawn status Lost status Damaged status Not for loan Collection Home library Current library Date acquired Full call number Barcode Date last seen Price effective from Koha item type
        Monographs Library National Museum Colombo - Sri Lanka Library National Museum Colombo - Sri Lanka 2018-07-13 159.9 GOL 166199 2023-06-01 2023-06-01 Books
Copyright © 2023 Department of National Museum, Colombo 07, Sri Lanka Funded by UNESCO IFAP UNESCO